Bariéry na ceste k inovacím

Obsahové vymedzenie inovačného podniku. Systémové bariéry charakteristické pre podnik brzdiaci inovácie. Transférové bariéry a difúzna bariéra. Veľkosť podniku a inovácie.

Guardado en:
Detalles Bibliográficos
Formato: Capítulo de libro
Lenguaje:checo
Materias:
Etiquetas: Agregar Etiqueta
Sin Etiquetas, Sea el primero en etiquetar este registro!

MARC

LEADER 00000naa$a2200000$$$4500
001 0004021
005 20231002104745.3
041 0 |a cze 
044 |a CZ 
245 1 0 |a Bariéry na ceste k inovacím 
520 |a Obsahové vymedzenie inovačného podniku. Systémové bariéry charakteristické pre podnik brzdiaci inovácie. Transférové bariéry a difúzna bariéra. Veľkosť podniku a inovácie. 
610 2 0 |a inovácia 
610 2 0 |a podnik 
610 2 0 |a manažment 
610 2 0 |a informácie